Pays commençant par B - Statistiques

Statistiques générales
  • Ce quiz a été pris 3 263 fois
  • Le résultat moyen est 13 sur 18
Statistiques - réponses
Pays % Correct
Brésil
92%
Belgique
86%
Bolivie
83%
Birmanie
82%
Bhoutan
79%
Botswana
71%
Biélorussie
70%
Bangladesh
68%
Bulgarie
68%
Bahamas
67%
Barbade
67%
Bénin
66%
Bahreïn
64%
Belize
64%
Brunei
63%
Bosnie-Herzégovine
62%
Burundi
59%
Burkina Faso
57%
Aucun quiz correspondant
Distribution des résultats
% des personnes avec chaque résultat
Percentile par nombre de réponses
Votre historique - résultats
Vous n’avez pas pris ce quiz